000 00555nam a22001817a 4500
005 20251108172705.0
008 250721s2003 xx 000 0 ara d
082 1 4 _a956.5/أسع
100 1 _aالأسعد، مصطفى
_eمؤلف
245 1 0 _aشهداء الأردن على ثرى فلسطين /
264 1 _aاربد :
_bمطبعة الروزنا،
_c2003.
300 _a272ص.
650 1 7 _aتاريخ الأردن
650 1 7 _aالنزاع العربي الإسرائيلي
650 1 7 _aالشهداء
942 _2ddc
_cBK
999 _c86019
_d86019